| 000 | 00000nam 2200000zi 4500 |
| 001 | 9.925037 |
| 003 | CaOODSP |
| 005 | 20250401080216 |
| 006 | m o d f |
| 007 | cr mn||||||||| |
| 008 | 230713t20222023onca ob f000 0 eng d |
| 020 | |a9780660494814 |q(report) |
| 020 | |a9780660494838 |q(executive summary) |
| 040 | |aCaOODSP|beng|erda|cCaOODSP |
| 043 | |an-cn-bc |
| 045 | |ay1y2 |
| 086 | 1 |aJ79-18/1-2023E-PDF |
| 086 | 1 |aJ79-18/2-2023E-PDF |
| 100 | 1 |aMcAuley, Lauren, |eauthor. |
| 245 | 10|aRace and prosecutorial decision-making : |ban analysis of the Public Prosecution Service of Canada's British Columbia regional office / |creport prepared by Lauren McAuley, Research Director and Jessica Lawn, British Columbia Team Leader and Senior Counsel ; prepared for Todd Gerhart, British Columbia Chief Federal Prosecutor andGeorge Dolhai, PPSC Deputy Director. |
| 264 | 1|aOttawa, Ontario : |bPublic Prosecution Service of Canada = Service des poursuites pénales du Canada, |c2022. |
| 264 | 4|c©2023 |
| 300 | |a1 online resource (125 pages) : |billustrations (chiefly colour) |
| 336 | |atext|btxt|2rdacontent |
| 337 | |acomputer|bc|2rdamedia |
| 338 | |aonline resource|bcr|2rdacarrier |
| 500 | |aIssued also in French under title: Race et prise de décision en matière de poursuites : analyse du bureau régional de la Colombie-Britannique du Service des poursuites pénales du Canada. |
| 500 | |a"Septembre 2022." |
| 504 | |aIncludes bibliographical references. |
| 610 | 20|aPublic Prosecution Service of Canada. |
| 650 | 0|aDiscrimination in criminal justice administration|zBritish Columbia. |
| 650 | 0|aDiscrimination in law enforcement|zBritish Columbia. |
| 650 | 0|aProsecution|zBritish Columbia|xDecision making. |
| 710 | 2 |aPublic Prosecution Service of Canada, |eissuing body. |
| 775 | 08|tRace et prise de décision en matière de poursuites : |w(CaOODSP)9.925038 |
| 856 | 40|qPDF|s1.01 MB|uhttps://publications.gc.ca/collections/collection_2024/sppc-ppsc/J79-18-1-2023-eng.pdf |